Normal view MARC view

Entry Topical Term

Number of records used in: 1

001 - CONTROL NUMBER

  • control field: 12026

003 - CONTROL NUMBER IDENTIFIER

  • control field: OSt

005 - DATE AND TIME OF LATEST TRANSACTION

  • control field: 20191009062425.0

008 - FIXED-LENGTH DATA ELEMENTS

  • fixed length control field: 191009|| aca||aabn | a|a d

040 ## - CATALOGING SOURCE

  • Original cataloging agency: OSt
  • Transcribing agency: OSt

150 ## - HEADING--TOPICAL TERM

  • Topical term or geographic name entry element: Organizational performance

670 ## - SOURCE DATA FOUND

  • Source citation: Work cat.: (OSt): Lee, Hongseok 12025, Does increasing racial minority representation contribute to overall organizational performance?: The role of organizational mission and diversity climate

Powered by Koha